Раздавались бесплатно в Epic Games Store - Армагеддон - Statistics

General Stats
  • This quiz has been taken 9 times
  • The average score is 3 of 15
Answers on the Grid
Answers color-coded by a green-red scale on the quiz's grid according to % correct below.
Ghostwire: Tokyo
Vampyr
Signalis
Grand Theft Auto V
Control
Death Stranding
Frostpunk
Shovel Knight
Dead Cells
Far Cry 6
A Plague Tale: Innocence
Night in the Woods
Inscryption
Darkwood
Alan Wake
Hotline Miami
Doom Eternal
Subnautica
Breathedge
Valiant Hearts: The Great War
Conscript
Yakuza 0
A Plague Tale: Requiem
Super Meat Boy
Deep Rock Galactic
Undertale
The Long Dark
Dragon Age: Origins
Horizon Zero Dawn
Celeste
 
Answer Stats
Answer % Correct
Grand Theft Auto V
67%
Control
44%
Death Stranding
44%
Vampyr
44%
Darkwood
22%
Frostpunk
22%
Ghostwire: Tokyo
22%
A Plague Tale: Innocence
11%
Subnautica
11%
The Long Dark
11%
Alan Wake
0%
Breathedge
0%
Celeste
0%
Night in the Woods
0%
Super Meat Boy
0%
No matching quizzes found
Score Distribution
Percent of People with Each Score
Percentile by Number Answered
Your Score History
You have not taken this quiz